Countries of the world - Hangman #1 - Statistics

General Stats
  • This quiz has been taken 972 times
  • The average score is 3 of 6
Answer Stats
Hint Answer % Correct
#32 A
100%
#32 A
100%
#2 A
100%
#2 A
100%
#2 A
100%
#6 A
100%
#7 A
100%
#7 A
100%
#9 A
100%
#9 A
100%
#14 A
100%
#14 A
100%
#14 A
100%
#18 A
100%
#20 A
100%
#20 A
100%
#24 A
100%
#24 A
100%
#10 E
100%
#10 E
100%
#13 A
92%
#13 A
92%
#25 A
92%
#26 A
92%
#26 I
92%
#3 A
91%
#17 A
91%
#21 A
91%
#15 E
91%
#15 E
91%
#31 A
90%
#31 A
90%
#5 A
89%
#19 A
89%
#19 A
89%
#11 A
88%
#30 A
88%
#22 A
86%
#23 A
86%
#27 A
83%
#20 I
82%
#8 A
80%
#8 A
80%
#4 E
80%
#4 E
80%
#4 E
80%
#4 G
80%
#10 I
80%
#28 O
80%
#28 O
80%
#28 O
80%
#4 R
80%
#28 S
80%
#2 P
78%
#26 E
75%
#29 I
75%
#16 S
75%
#26 S
75%
#16 U
75%
#8 N
73%
#1 E
71%
#18 E
71%
#22 I
71%
#14 C
70%
#13 N
69%
#2 M
67%
#2 N
67%
#20 B
64%
#12 E
64%
#17 E
64%
#17 I
64%
#21 I
64%
#3 N
64%
#21 R
64%
#29 E
63%
#30 I
63%
#29 O
63%
#4 C
60%
#14 D
60%
#6 I
60%
#14 N
60%
#8 O
60%
#26 L
58%
#26 R
58%
#18 R
57%
#19 N
56%
#17 B
55%
#17 R
55%
#13 T
54%
#22 E
50%
#7 I
50%
#32 L
50%
#22 N
50%
#27 O
50%
#27 O
50%
#16 R
50%
#8 G
47%
#8 L
47%
#13 I
46%
#20 G
45%
#20 M
45%
#17 S
45%
#21 S
45%
#21 S
45%
#21 U
45%
#9 D
44%
#19 D
44%
#9 G
44%
#9 N
44%
#19 R
44%
#5 U
44%
#9 U
44%
#18 C
43%
#22 G
43%
#22 U
43%
#7 B
42%
#6 B
40%
#10 B
40%
#31 I
40%
#28 K
40%
#6 L
40%
#10 L
40%
#31 L
40%
#6 R
40%
#28 V
40%
#6 Z
40%
#10 Z
40%
#25 O
38%
#25 R
38%
#30 T
38%
#30 U
38%
#12 I
36%
#12 N
36%
#15 S
36%
#11 L
35%
#5 N
33%
#27 N
33%
#19 W
33%
#13 W
31%
#31 M
30%
#31 W
30%
#18 F
29%
#18 N
29%
#24 N
29%
#1 T
29%
#12 B
27%
#15 N
27%
#3 O
27%
#12 R
27%
#12 U
27%
#16 C
25%
#32 I
25%
#30 K
25%
#7 M
25%
#29 M
25%
#16 P
25%
#32 T
25%
#32 V
25%
#30 W
25%
#16 Y
25%
#5 B
22%
#5 H
22%
#5 T
22%
#15 D
18%
#3 R
18%
#15 W
18%
#27 C
17%
#27 M
17%
#25 N
15%
#25 W
15%
#25 Y
15%
#24 G
14%
#23 L
14%
#23 P
14%
#1 R
14%
#29 C
13%
#29 X
13%
#11 V
12%
#3 J
9%
#7 Z
8%
#11 T
6%
#11 U
6%
#11 U
6%
#3 D
0%
#23 D
0%
#1 K
0%
#23 N
0%
#23 O
0%
#1 U
0%
#24 U
0%
#1 Y
0%
#24 Y
0%
No matching quizzes found
Score Distribution
Percent of People with Each Score
Percentile by Number Answered
Your Score History
You have not taken this quiz